Európska asociácia vydala pravidlá na výber reklamnej agentúry

Bibliographic Details
Main Author: Babitzová, Eva, 1966- (Author)
Format: Article
Language:Slovak
ISSN:1335-0684
Subjects:

MARC

LEADER 00000nab a2200000 a 4500
001 vtls000667135
003 SK-MaSNL
005 20260305022725.0
008 180206c1998 xo 0 slo
015 |a SNBRB1998/08-23028 
035 |a CLN000019317 
040 |a SNKBUCL  |b slo  |c SNKBUCL  |e AACR2 
041 0 |a slo 
044 |a xo  |c SK 
080 |a 659.1.07:331.115.63:174  |2 UDC-MRF-SK2 
080 |a 331.115.63  |2 UDC-MRF-SK2 
080 |a 174  |2 UDC-MRF-SK2 
100 1 |a Babitzová, Eva,  |d 1966-  |4 aut  |9 52568 
245 1 0 |a Európska asociácia vydala pravidlá na výber reklamnej agentúry  |c Eva Babitzová 
650 0 7 |a reklama  |x agentúry reklamné  |x konkurzy  |x kódex etický  |2 snkbucl  |9 1600436 
650 0 7 |a konkurzy  |2 snkbucl  |9 508562 
650 0 7 |a etika  |2 snkbucl  |9 792 
655 7 |a články z novín a časopisov  |2 snkbucl  |9 267496 
773 0 |x 1335-0684  |t Trend  |g Roč. 8, č. 34 (1998), s. 11A 
850 |a Slovenská národná knižnica v Martine 
852 |a SNK  |b KIS3GCP 
958 |a RBX 
999 |c 3292421  |d 3294351